Star Trek Crew - Statistics

General Stats
  • This quiz has been taken 108 times
  • The average score is 9 of 11
Answer Stats
Position/Role Character % Correct
Captain, U.S.S. Enterprise James T. Kirk
100%
First / Science Officer, U.S.S. Enterprise Spock
98%
Helmsman, U.S.S. Enterprise Hikaru Sulu
96%
Chief Medical Officer, U.S.S. Enterprise Leonard "Bones" McCoy
96%
Chief Engineer, U.S.S. Enterprise Montgomery Scott
96%
Communications Officer, U.S.S. Enterprise Nyota Uhura
89%
Navigations Officer, U.S.S. Enterprise Pavel Chekov
88%
Nurse, U.S.S. Enterprise Christine Chapel
79%
Augmented Antagonist Khan Noonien Singh
65%
Yeoman, U.S.S. Enterprise Janice Rand
58%
Recurring Minor Antagonist Harcourt Fenton Mudd
54%
No matching quizzes found
Score Distribution
Percent of People with Each Score
Percentile by Number Answered
Your Score History
You have not taken this quiz